| 000 | 00000nam##2200000za#4500 |
| 001 | 9.688631 |
| 003 | CaOODSP |
| 005 | 20210624231522 |
| 007 | cr ||||||||||| |
| 008 | 150407|1999||||xxc|||||o f|0| 0 eng|d |
| 040 | |aCaOODSP|beng |
| 043 | |an-cn--- |
| 086 | 1 |aSW21-38/1999E-PDF |
| 110 | 1 |aCanada. |bStatus of Women Canada. |
| 245 | 10|aEnabling income : |h[electronic resource]|bCPP disability benefits and women with disabilities / |c[by] Tanis Doe and Sally Kimpson. |
| 260 | |aOttawa - Ontario : |bStatus of Women Canada |c1999. |
| 300 | |a111p.|breferences, tables |
| 500 | |aThe catalogue number and ISBN for the 1999 print edition have been printed in this electronic edition. |
| 590 | |a06-10-Supp|b2006-12-15 |
| 690 | 07|aDemographic data|2gcpds |
| 690 | 07|aDisability pensions|2gcpds |
| 690 | 07|aWomen|2gcpds |
| 720 | 1 |aDoe, Tanis |
| 720 | 1 |aKimpson, Sally |
| 775 | 08|tLes prestations d'invalidité du RPC : |w(CaOODSP)9.632885 |
| 856 | 40|ahttp://publications.gc.ca|qPDF|s255 KB|uhttps://publications.gc.ca/collections/Collection/SW21-38-1999E.pdf |